000 00224nam a2200097Ia 4500
008 240331s9999 xx 000 0 und d
082 _bSAN
100 _aSanmugalingam,K
245 0 _aManida urimegalum abivirithiyum
942 _cL
999 _c4602
_d4602